000 00661ntaaa2200217 4500
003 01
005 20251027203151.0
008 0714s1973 ag 01
020 _a8482672731
040 _aAR-BaBN
_bspa
_cAR-BaBN
_eaacr
_dRIC
082 _a230.3000 L11d
100 _aLacueva, Francisco
_9663
245 _aDiccionario teológico ilustrado
250 _a1 ed
260 _aTerrassa :
_bCLIE,
_c2001
300 _a620 p ;
_cilustr.; 24 cm
500 _aEn la cubierta figura: Revisado y ampliado por Alfonso Ropero. Contiene bibliografia al final de cada articulo
650 _aTeolgia-Diccionario
_933167
700 _aRopero, Alfonso
_933168
942 _cBK
999 _c27126
_d27126